| 000 -LEADER |
| fixed length control field |
00890nam a22002417a 4500 |
| 003 - CONTROL NUMBER IDENTIFIER |
| control field |
OSt |
| 005 - DATE AND TIME OF LATEST TRANSACTION |
| control field |
20251028105200.0 |
| 008 - FIXED-LENGTH DATA ELEMENTS--GENERAL INFORMATION |
| fixed length control field |
251028b ||||| |||| 00| 0 eng d |
| 020 ## - INTERNATIONAL STANDARD BOOK NUMBER |
| International Standard Book Number |
9780241691700 |
| 040 ## - CATALOGING SOURCE |
| Transcribing agency |
KH8 |
| 082 ## - DEWEY DECIMAL CLASSIFICATION NUMBER |
| Classification number |
FIC RIO |
| 100 ## - MAIN ENTRY--PERSONAL NAME |
| Personal name |
Riordan, Rick, |
| Relator term |
author. |
| 245 ## - TITLE STATEMENT |
| Title |
Percy Jackson and the Olympians : |
| Remainder of title |
Wrath of the Triple Goddess / |
| Statement of responsibility, etc. |
Rick Riordan and cover illustration by Khadijah Khatib. |
| 260 ## - PUBLICATION, DISTRIBUTION, ETC. |
| Place of publication, distribution, etc. |
United Kingdom ; |
| Name of publisher, distributor, etc. |
Penguin Random House , |
| Date of publication, distribution, etc. |
2024. |
| 300 ## - PHYSICAL DESCRIPTION |
| Extent |
322 pages : |
| Dimensions |
24 cm. |
| 490 ## - SERIES STATEMENT |
| Series statement |
Percy Jackson |
| 520 ## - SUMMARY, ETC. |
| Summary, etc. |
Readers new to the Percy Jackson universe and long-time fans will love this adventure- full of legendary heroes, mythical creatures, ancient Greek gods and enduring friendship. |
| 650 ## - SUBJECT ADDED ENTRY--TOPICAL TERM |
| Topical term or geographic name entry element |
Hero |
| Form subdivision |
fiction |
| 650 ## - SUBJECT ADDED ENTRY--TOPICAL TERM |
| Topical term or geographic name entry element |
Aventure |
| 700 ## - ADDED ENTRY--PERSONAL NAME |
| Personal name |
Khadijah, Khatib, |
| Relator term |
cover illustrator. |
| 830 ## - SERIES ADDED ENTRY--UNIFORM TITLE |
| Uniform title |
Percy Jackson |
| 942 ## - ADDED ENTRY ELEMENTS (KOHA) |
| Source of classification or shelving scheme |
|
| Koha item type |
Books - Fiction |